[Event "Nezhmetdinov Memorial 35th"]
[Site "Kazan"]
[Date "2013.06.07"]
[Round "8"]
[White "Chistiakova, Tamara"]
[Black "Yeletsky, Ivan"]
[Result "1/2-1/2"]
[WhiteElo "2314"]
[BlackElo "2144"]
[PlyCount "99"]
[EventDate "2013.05.31"]
[EventType "swiss"]
[EventRounds "9"]
[EventCountry "RUS"]
[SourceTitle "CBM 154 Extra"]
[Source "ChessBase"]
[SourceDate "2013.06.25"]
[SourceVersion "2"]
[SourceVersionDate "2013.06.25"]
[SourceQuality "1"]

1. Nf3 Nf6 2. c4 g6 3. b4 Bg7 4. Bb2 0-0 5. g3 c6 6. Bg2 d5 7. cxd5 cxd5 8. 0-0 a6 9. d3 Nc6 10. a3 d4 11. Nbd2 Nd5 12. Nb3 e5 13. Qd2 h6 14. Rac1 Qd6 15. Qc2 Nde7 16. Nfd2 Qc7 17. a4 Qd8 18. Ba3 Bg4 19. Nc5 Ra7 20. Rfe1 Re8 21. Qb2 b5 22. a5 h5 23. Rc2 Nd5 24. h3 Bf5 25. Nde4 Kh8 26. Nb7 Rxb7 27. Rxc6 Bxe4 28. Bxe4 Nc3 29. Bg2 h4 30. Qb3 Ra7 31. Bc1 e4 32. dxe4 hxg3 33. fxg3 Be5 34. Bf4 Bxf4 35. gxf4 Qh4 36. Rf1 Qg3 37. Qc2 Qe3+ 38. Kh2 Nxe2 39. Qc5 Qg3+ 40. Kh1 Rae7 41. Rc7 Qe3 42. Rxe7 Ng3+ 43. Kh2 Nxf1+ 44. Bxf1 Qf2+ 45. Bg2 Qxf4+ 46. Kh1 Rxe7 47. Qxe7 Qc1+ 48. Kh2 Qf4+ 49. Kh1 Qc1+ 50. Kh2 1/2-1/2

[Event "Nezhmetdinov Memorial 35th"]
[Site "Kazan"]
[Date "2013.06.04"]
[Round "5"]
[White "Beinenson, Katsiaryna"]
[Black "Chistiakova, Tamara"]
[Result "0-1"]
[WhiteElo "1970"]
[BlackElo "2314"]
[PlyCount "42"]
[EventDate "2013.05.31"]
[EventType "swiss"]
[EventRounds "9"]
[EventCountry "RUS"]
[SourceTitle "CBM 154 Extra"]
[Source "ChessBase"]
[SourceDate "2013.06.25"]
[SourceVersion "2"]
[SourceVersionDate "2013.06.25"]
[SourceQuality "1"]

1. e4 c5 2. c3 d5 3. exd5 Qxd5 4. d4 g6 5. dxc5 Qxc5 6. Be3 Qc7 7. Na3 a6 8. Nf3 Bg7 9. Nc4 Nd7 10. Bd4 Ngf6 11. a4 0-0 12. Be2 b6 13. Nfe5 Bb7 14. 0-0 Rad8 15. Qb3 Bd5 16. Qb4 Bxg2 17. Nxd7 Nd5 18. Bxb6 Qxd7 19. Qa5 Bxf1 20. Rxf1 Nf4 21. Bf3 Qh3 0-1

[Event "EU-Cup (Women) 12th"]
[Site "Kemer"]
[Date "2007.10.08"]
[Round "6.3"]
[White "Kursova, Maria"]
[Black "Chistiakova, Tamara"]
[Result "0-1"]
[WhiteElo "2358"]
[BlackElo "2363"]
[PlyCount "25"]
[EventDate "2007.10.03"]
[EventType "team-swiss"]
[EventRounds "7"]
[EventCountry "TUR"]
[SourceTitle "EXT 2013"]
[Source "ChessBase"]
[SourceDate "2012.11.22"]
[SourceVersion "1"]
[SourceVersionDate "2012.11.22"]
[SourceQuality "1"]
[WhiteTeam "Saratov Economist (W)"]
[BlackTeam "Kazan Ladya (W)"]
[WhiteTeamCountry "RUS"]
[BlackTeamCountry "RUS"]

1. d4 Nf6 2. Nf3 d5 3. c4 e6 4. Nc3 dxc4 5. e4 Bb4 6. Bg5 c5 7. Bxc4 cxd4 8. Nxd4 Bxc3+ 9. bxc3 Nbd7 10. Qe2 Qa5 11. Bd2 0-0 12. 0-0 Nc5 13. f3 0-1

[Event "EU-Cup (Women) 12th"]
[Site "Kemer"]
[Date "2007.10.05"]
[Round "3.3"]
[White "Dengler, Dijana"]
[Black "Chistiakova, Tamara"]
[Result "0-1"]
[WhiteElo "2093"]
[BlackElo "2363"]
[PlyCount "68"]
[EventDate "2007.10.03"]
[EventType "team-swiss"]
[EventRounds "7"]
[EventCountry "TUR"]
[SourceTitle "EXT 2013"]
[Source "ChessBase"]
[SourceDate "2012.11.22"]
[SourceVersion "1"]
[SourceVersionDate "2012.11.22"]
[SourceQuality "1"]
[WhiteTeam "Bihac (W)"]
[BlackTeam "Kazan Ladya (W)"]
[WhiteTeamCountry "BIH"]
[BlackTeamCountry "RUS"]

1. d4 d5 2. Nf3 c6 3. e3 Bf5 4. c4 e6 5. Nc3 Nd7 6. Qb3 Qb6 7. Qxb6 axb6 8. Nh4 Bg4 9. h3 Bh5 10. cxd5 exd5 11. Bd3 g5 12. Nf5 Bg6 13. e4 dxe4 14. Bxe4 Ngf6 15. Bc2 Ra5 16. Ne3 Bxc2 17. Nxc2 Nd5 18. 0-0 Nxc3 19. bxc3 Bg7 20. Re1+ Kd8 21. Bd2 Re8 22. Rxe8+ Kxe8 23. Re1+ Kd8 24. a3 h6 25. Kf1 Rb5 26. Ke2 Rb2 27. Kd3 c5 28. Bc1 Ra2 29. Re2 b5 30. c4 cxd4 31. Nxd4 Nc5+ 32. Ke3 Bxd4+ 33. Kxd4 Rxe2 34. Kxc5 bxc4 0-1

[Event "RUS-ch Higher League (Women) 57th"]
[Site "Smolensk"]
[Date "2007.06.04"]
[Round "3"]
[White "Lomakina, Galja"]
[Black "Chistiakova, Tamara"]
[Result "0-1"]
[WhiteElo "2231"]
[BlackElo "2308"]
[PlyCount "96"]
[EventDate "2007.06.02"]
[EventType "swiss"]
[EventRounds "9"]
[EventCountry "RUS"]
[SourceTitle "EXT 2010"]
[Source "ChessBase"]
[SourceDate "2010.11.25"]
[SourceVersion "1"]
[SourceVersionDate "2010.11.25"]
[SourceQuality "1"]

1. Nf3 d5 2. c4 c6 3. b3 Nf6 4. Bb2 Bf5 5. g3 e6 6. Bg2 h6 7. 0-0 Be7 8. d3 0-0 9. Nbd2 a5 10. a3 Bh7 11. Rc1 Nbd7 12. Rc2 Re8 13. Qa1 c5 14. Ne1 a4 15. bxa4 Rxa4 16. Nb1 Ra7 17. e3 Qb6 18. Rc1 Nb8 19. Nc3 dxc4 20. dxc4 Nc6 21. Nb5 Ra4 22. Rd1 Na5 23. Nc3 Rxc4 24. Nd3 Nd7 25. Nf4 Rd8 26. Ncd5 exd5 27. Nxd5 Qe6 28. Bxg7 Bf8 29. Bxf8 Rxf8 30. Nf4 Qe8 31. Rxd7 Rxf4 32. Rd6 Ra4 33. Rxh6 Nc4 34. Bxb7 Rxa3 35. Qc1 Bd3 36. Rd1 Qe5 37. Rh4 Rc3 38. Qa1 Rb8 39. Qa6 Nxe3 40. Qh6 Nxd1 41. Rg4+ Bg6 42. Rxg6+ fxg6 43. Qxg6+ Kf8 44. Qh6+ Ke7 45. Qh7+ Kd6 46. Qh6+ Kc7 47. Qh7+ Kb6 48. Be4 Qf6 0-1

[Event "RUS-ch Higher League (Women) 57th"]
[Site "Smolensk"]
[Date "2007.06.03"]
[Round "2"]
[White "Chistiakova, Tamara"]
[Black "Matveeva, Svetlana"]
[Result "0-1"]
[WhiteElo "2308"]
[BlackElo "2406"]
[PlyCount "96"]
[EventDate "2007.06.02"]
[EventType "swiss"]
[EventRounds "9"]
[EventCountry "RUS"]
[SourceTitle "EXT 2010"]
[Source "ChessBase"]
[SourceDate "2010.11.25"]
[SourceVersion "1"]
[SourceVersionDate "2010.11.25"]
[SourceQuality "1"]

1. d4 d5 2. c4 dxc4 3. e3 e6 4. Bxc4 a6 5. Nf3 Nf6 6. 0-0 c5 7. dxc5 Qxd1 8. Rxd1 Bxc5 9. Be2 0-0 10. Nbd2 Rd8 11. b3 b6 12. Bb2 Bb7 13. Ne5 Nbd7 14. Ndc4 Nxe5 15. Bxe5 b5 16. Na5 Rxd1+ 17. Rxd1 Bd5 18. Bf3 Bxf3 19. gxf3 Ba3 20. Nc6 Nd5 21. e4 Ne7 22. Nxe7+ Bxe7 23. Rd7 Bf8 24. Kf1 f6 25. Bd6 e5 26. Bxf8 Kxf8 27. Ke2 Rc8 28. Kd2 Rc6 29. Rb7 Kg8 30. Rd7 h5 31. Rd5 h4 32. Rd7 Kh7 33. Rd3 Kh6 34. Rd7 g6 35. h3 Kg5 36. Rg7 b4 37. Rb7 a5 38. Rb5 Rc3 39. Ke2 Kf4 40. Rb6 Rc2+ 41. Kf1 Kg5 42. f4+ Kxf4 43. Rxf6+ Kxe4 44. Rxg6 Rxa2 45. Kg2 Ra3 46. Ra6 Kd4 47. Rh6 Rxb3 48. Rxh4+ e4 0-1

[Event "RUS-chT (Women)"]
[Site "Sochi"]
[Date "2007.05.02"]
[Round "2"]
[White "Chistiakova, Tamara"]
[Black "Pogonina, Natalija"]
[Result "1-0"]
[WhiteElo "2337"]
[BlackElo "2419"]
[PlyCount "95"]
[EventDate "2007.05.01"]
[EventType "team"]
[EventRounds "11"]
[EventCountry "RUS"]
[SourceTitle "CBM 118 Extra"]
[Source "ChessBase"]
[SourceDate "2007.07.04"]
[SourceVersion "1"]
[SourceVersionDate "2007.07.04"]
[SourceQuality "1"]

1. d4 Nf6 2. c4 c5 3. d5 b5 4. Nf3 b4 5. Bg5 g6 6. Nbd2 Bg7 7. e4 d6 8. Bd3 0-0 9. 0-0 Nbd7 10. h3 Nh5 11. Qc2 Re8 12. Rfe1 Qc7 13. Nf1 a5 14. g4 Nhf6 15. Ng3 Bb7 16. Qd2 Nf8 17. Kh2 e6 18. Bh6 Bh8 19. Rg1 N6d7 20. Rae1 a4 21. Re2 exd5 22. exd5 Rxe2 23. Qxe2 Ne5 24. Nxe5 Bxe5 25. f4 Bd4 26. Re1 a3 27. b3 Bf6 28. g5 Bc3 29. Qe7 Qd8 30. Re2 Ba6 31. Kg2 f5 32. h4 Qxe7 33. Rxe7 Rd8 34. Bxf8 Rxf8 35. Rd7 Re8 36. Rxd6 Bc8 37. h5 Kf7 38. Rc6 Bd7 39. Rc7 Ke7 40. Rxc5 Kd6 41. Ra5 Re3 42. Be2 gxh5 43. c5+ Kxd5 44. Bf3+ Rxf3 45. Kxf3 h4 46. Nxf5 h3 47. Ne7+ Ke6 48. c6 1-0

[Event "Kharkov Rector Cup (Women) 9th"]
[Site "Kharkov"]
[Date "2007.03.24"]
[Round "8"]
[White "Chistiakova, Tamara"]
[Black "Gorbatenko, Kateryna"]
[Result "1-0"]
[WhiteElo "2308"]
[BlackElo "2082"]
[PlyCount "63"]
[EventDate "2007.03.18"]
[EventType "tourn"]
[EventRounds "11"]
[EventCountry "UKR"]
[SourceTitle "CBM 117 Extra"]
[Source "ChessBase"]
[SourceDate "2007.05.09"]
[SourceVersion "1"]
[SourceVersionDate "2007.05.09"]
[SourceQuality "1"]

1. Nf3 Nf6 2. c4 g6 3. d4 Bg7 4. g3 d6 5. Bg2 0-0 6. Nc3 c5 7. b3 Nc6 8. Bb2 Bg4 9. d5 Na5 10. Qc2 Rb8 11. e4 a6 12. 0-0 b5 13. Nd2 Qc8 14. f4 Bh3 15. e5 Bf5 16. Nce4 Nxe4 17. Bxe4 bxc4 18. Bxf5 gxf5 19. Bc3 cxb3 20. axb3 Nb7 21. Rxa6 Qd7 22. Qd3 c4 23. Qxc4 Nc5 24. Rc6 Rfc8 25. Ra1 e6 26. Rxd6 exd5 27. Qxd5 Qc7 28. Bd4 Ne6 29. Ra7 Qc1+ 30. Nf1 Bf8 31. Rxe6 Rc5 32. Rg6+ 1-0

[Event "Bykova Memorial 4th"]
[Site "Vladimir"]
[Date "2006.12.21"]
[Round "12"]
[White "Sharafiev, Azat"]
[Black "Chistiakova, Tamara"]
[Result "1/2-1/2"]
[WhiteElo "2294"]
[BlackElo "2314"]
[PlyCount "22"]
[EventDate "2006.12.14"]
[EventType "tourn"]
[EventRounds "14"]
[EventCountry "RUS"]
[EventCategory "1"]
[SourceTitle "EXT 2019"]
[Source "ChessBase"]
[SourceDate "2018.10.10"]
[SourceVersion "1"]
[SourceVersionDate "2018.10.10"]
[SourceQuality "1"]

1. d4 d5 2. c4 c6 3. Nc3 Nf6 4. cxd5 cxd5 5. Bf4 Nc6 6. e3 a6 7. Bd3 Bg4 8. f3 Bc8 9. Nge2 e6 10. e4 dxe4 11. fxe4 Be7 1/2-1/2

[Event "Bykova Memorial 4th"]
[Site "Vladimir"]
[Date "2006.12.15"]
[Round "2"]
[White "Chistiakova, Tamara"]
[Black "Lavretzkij, Roman"]
[Result "1/2-1/2"]
[WhiteElo "2314"]
[BlackElo "2352"]
[PlyCount "20"]
[EventDate "2006.12.14"]
[EventType "tourn"]
[EventRounds "14"]
[EventCountry "RUS"]
[EventCategory "1"]
[SourceTitle "EXT 2019"]
[Source "ChessBase"]
[SourceDate "2018.10.10"]
[SourceVersion "1"]
[SourceVersionDate "2018.10.10"]
[SourceQuality "1"]

1. c4 c6 2. d4 d5 3. cxd5 cxd5 4. Nf3 Nf6 5. Nc3 Nc6 6. Bf4 Bf5 7. e3 e6 8. Be2 Bd6 9. Bxd6 Qxd6 10. 0-0 0-0 1/2-1/2

[Event "Kharkov Femida (Women)"]
[Site "Kharkov"]
[Date "2006.11.03"]
[Round "4"]
[White "Moskalets, Svetlana"]
[Black "Chistiakova, Tamara"]
[Result "1-0"]
[WhiteElo "2173"]
[BlackElo "2314"]
[PlyCount "129"]
[EventDate "2006.10.31"]
[EventType "tourn"]
[EventRounds "11"]
[EventCountry "UKR"]
[SourceTitle "EXT 2007"]
[Source "ChessBase"]
[SourceDate "2006.11.23"]
[SourceVersion "1"]
[SourceVersionDate "2006.11.23"]
[SourceQuality "1"]

1. e4 e5 2. Nf3 Nc6 3. Bb5 a6 4. Ba4 Nf6 5. 0-0 b5 6. Bb3 Be7 7. Re1 0-0 8. h3 d6 9. c3 Na5 10. Bc2 c5 11. d4 Nd7 12. Nbd2 exd4 13. cxd4 Nc6 14. Nf1 cxd4 15. Nxd4 Nxd4 16. Qxd4 Ne5 17. Qd1 Bb7 18. Ne3 Bf6 19. Rb1 Rc8 20. Nd5 Bxd5 21. exd5 Rc4 22. Be3 Bg5 23. Bd3 Nxd3 24. Qxd3 Bxe3 25. Rxe3 Qf6 26. Qe2 g6 27. Rd1 Kg7 28. b3 Rf4 29. Rc1 Rd4 30. Rf3 Qg5 31. Rc6 Rxd5 32. Rxa6 Qc1+ 33. Kh2 Rd1 34. Qe7 Qc5 35. Ra7 Qd5 36. Rd7 h5 37. Qf6+ Kg8 38. Rg3 Qe4 39. Rxf7 Rxf7 40. Rxg6+ Kf8 41. Qd8+ Qe8 42. Rg8+ Kxg8 43. Qxe8+ Kg7 44. Qxb5 Rxf2 45. Qg5+ Kf8 46. Qh6+ Kg8 47. Qxh5 Rdd2 48. Qg4+ Kf7 49. a4 d5 50. a5 Ra2 51. Qd7+ Kf6 52. Qxd5 Rfd2 53. Qc6+ Ke5 54. a6 Rd6 55. Qe8+ Kd4 56. Qh8+ Kd5 57. Qg8+ Kd4 58. Qc4+ Ke5 59. a7 Rda6 60. b4 Rxa7 61. b5 R7a4 62. Qc5+ Kf4 63. b6 Ra5 64. Qc4+ Ke3 65. b7 1-0

[Event "RUS-ch (Women) 56th"]
[Site "Orel"]
[Date "2006.07.06"]
[Round "8"]
[White "Ovod, Evgenija"]
[Black "Chistiakova, Tamara"]
[Result "1-0"]
[WhiteElo "2395"]
[BlackElo "2351"]
[PlyCount "79"]
[EventDate "2006.06.28"]
[EventType "swiss"]
[EventRounds "9"]
[EventCountry "RUS"]
[SourceTitle "CBM 113 Extra"]
[Source "ChessBase"]
[SourceDate "2006.09.14"]
[SourceVersion "1"]
[SourceVersionDate "2006.09.14"]
[SourceQuality "1"]

1. e4 c5 2. Nf3 Nf6 3. Nc3 d5 4. e5 Nfd7 5. Nxd5 Nxe5 6. Nxe5 Qxd5 7. Bb5+ Nd7 8. Nxd7 Bxd7 9. Bxd7+ Qxd7 10. d3 g6 11. Be3 Bg7 12. Rb1 0-0 13. 0-0 Qf5 14. Qd2 Rfd8 15. Qa5 b6 16. Qa6 Qd5 17. h3 h5 18. Rfd1 Be5 19. b4 cxb4 20. Rxb4 Bd6 21. Rb5 Qc6 22. c4 Bc7 23. Kf1 Qe6 24. Qb7 Bh2 25. Rd5 Bd6 26. Rg5 Rac8 27. Qxa7 Ra8 28. Qxb6 Rdb8 29. Qc6 Rxa2 30. c5 Qb3 31. Qf3 Qc2 32. cxd6 Rb1 33. Rxg6+ fxg6 34. Qd5+ Kf8 35. dxe7+ Kxe7 36. Bg5+ Kf8 37. Qd8+ Kf7 38. Qe7+ Kg8 39. Qe6+ Kg7 40. Bf6+ 1-0

[Event "RUS-ch (Women) 56th"]
[Site "Orel"]
[Date "2006.06.30"]
[Round "2"]
[White "Solovjova, Valentina"]
[Black "Chistiakova, Tamara"]
[Result "0-1"]
[WhiteElo "2265"]
[BlackElo "2351"]
[PlyCount "62"]
[EventDate "2006.06.28"]
[EventType "swiss"]
[EventRounds "9"]
[EventCountry "RUS"]
[SourceTitle "CBM 113 Extra"]
[Source "ChessBase"]
[SourceDate "2006.09.14"]
[SourceVersion "1"]
[SourceVersionDate "2006.09.14"]
[SourceQuality "1"]

1. e4 c5 2. Nf3 Nc6 3. d4 cxd4 4. Nxd4 Nf6 5. Nc3 d6 6. Bc4 e6 7. Be3 Be7 8. Qe2 0-0 9. 0-0-0 a6 10. Bb3 Nxd4 11. Bxd4 b5 12. f4 b4 13. Na4 Nd7 14. Rd3 Bb7 15. Rhd1 Qa5 16. Rg3 Bf6 17. Nb6 Bxd4 18. Nxd7 Rfd8 19. Rxd4 Rxd7 20. Qg4 g6 21. f5 Qe5 22. Rd1 Re7 23. Qh4 Rc7 24. Rh3 h5 25. Rg3 Bxe4 26. fxe6 Bxc2 27. exf7+ Kf8 28. Bxc2 Rac8 29. Rc3 bxc3 30. b3 Qc5 31. Bxg6 c2 0-1

[Event "Nezhmetdinov Memorial 28th"]
[Site "Kazan"]
[Date "2006.06.08"]
[Round "8"]
[White "Chistiakova, Tamara"]
[Black "Rodchenkov, Sergey D"]
[Result "0-1"]
[WhiteElo "2351"]
[BlackElo "2396"]
[PlyCount "56"]
[EventDate "2006.06.01"]
[EventType "swiss"]
[EventRounds "9"]
[EventCountry "RUS"]
[SourceTitle "CBM 112 Extra"]
[Source "ChessBase"]
[SourceDate "2006.07.14"]
[SourceVersion "1"]
[SourceVersionDate "2006.07.14"]
[SourceQuality "1"]

1. d4 Nf6 2. Nf3 e6 3. g3 c5 4. Bg2 cxd4 5. Nxd4 Qb6 6. 0-0 Bc5 7. Nb3 Be7 8. e4 d6 9. Be3 Qc7 10. N1d2 0-0 11. c4 Nc6 12. f4 b6 13. g4 Bb7 14. g5 Nd7 15. Qh5 g6 16. Qh6 Rfe8 17. Rf3 Bf8 18. Qh4 Bg7 19. f5 exf5 20. exf5 gxf5 21. Rxf5 Rxe3 22. Ne4 Rxe4 23. Bxe4 Nce5 24. Nd2 Re8 25. Raf1 Ng6 26. Qe1 Bxe4 27. Nxe4 Qxc4 28. Nd2 Bd4+ 0-1

[Event "Nezhmetdinov Memorial 28th"]
[Site "Kazan"]
[Date "2006.06.05"]
[Round "5"]
[White "Mihajlovskij, Sergei"]
[Black "Chistiakova, Tamara"]
[Result "1-0"]
[WhiteElo "2414"]
[BlackElo "2351"]
[PlyCount "73"]
[EventDate "2006.06.01"]
[EventType "swiss"]
[EventRounds "9"]
[EventCountry "RUS"]
[SourceTitle "CBM 112 Extra"]
[Source "ChessBase"]
[SourceDate "2006.07.14"]
[SourceVersion "1"]
[SourceVersionDate "2006.07.14"]
[SourceQuality "1"]

1. c4 Nf6 2. Nc3 e6 3. d4 Bb4 4. e3 0-0 5. Bd3 b6 6. Nge2 Bb7 7. 0-0 c5 8. d5 exd5 9. cxd5 d6 10. e4 Nbd7 11. a3 Bxc3 12. Nxc3 h6 13. Bf4 Ne5 14. Re1 a6 15. Bf1 Re8 16. Bg3 Bc8 17. f4 Ng6 18. e5 dxe5 19. fxe5 Bg4 20. Qd3 Nh5 21. e6 Kh7 22. exf7 Rxe1 23. Rxe1 Qd7 24. Qe4 Nf6 25. Qa4 Qxf7 26. Qc6 Ra7 27. Bd3 Re7 28. Qxb6 Rb7 29. Qxc5 Rxb2 30. h3 Bh5 31. d6 Rd2 32. Qe3 Rb2 33. Ne4 Nd5 34. Qd4 Ndf4 35. Bxf4 Rxg2+ 36. Kxg2 Nxf4+ 37. Kh2 1-0

[Event "Nezhmetdinov Memorial 28th"]
[Site "Kazan"]
[Date "2006.06.02"]
[Round "2"]
[White "Gabdrakhmanov, Rafail"]
[Black "Chistiakova, Tamara"]
[Result "1-0"]
[WhiteElo "2414"]
[BlackElo "2351"]
[PlyCount "55"]
[EventDate "2006.06.01"]
[EventType "swiss"]
[EventRounds "9"]
[EventCountry "RUS"]
[SourceTitle "CBM 112 Extra"]
[Source "ChessBase"]
[SourceDate "2006.07.14"]
[SourceVersion "1"]
[SourceVersionDate "2006.07.14"]
[SourceQuality "1"]

1. c4 c6 2. Nf3 d5 3. b3 Nf6 4. Bb2 Bf5 5. g3 e6 6. Bg2 h6 7. 0-0 Be7 8. d3 0-0 9. Nbd2 a5 10. a3 Bh7 11. Rc1 b5 12. cxb5 cxb5 13. Rc2 Na6 14. Qa1 Rc8 15. Rfc1 Rxc2 16. Rxc2 Bc5 17. Bd4 Bxd4 18. Nxd4 Qb6 19. Rc6 Qb7 20. N2f3 Nd7 21. Bh3 Re8 22. Qc1 Bg6 23. Qe3 Nab8 24. Rc2 Qb6 25. Ne5 Nxe5 26. Qxe5 Kh7 27. Nxe6 Rg8 28. Nf4 1-0